000 00588 a2200169 4500
020 _c150.00
035 _aB-24307
037 _bR P-ZLS-CH-74 / NCP-00-01:275 / RP-00-01:ENG
082 1 4 _aS
090 _c2641
_d2641
100 1 _aAhmad-ul-Umri
245 1 _aThe lady of the Lotus Rup Mati Queen of Mandu
_ba strange tale of faithfulness
_cAhmad-ul-Umri;translated by L.M. Crump
260 _aNew Delhi
_bRupa
_c2000
300 _axii, 100 p
_bphotos
_c20 cm (pbk)
942 _adpl
_cEN
_kS / AHM
999 _c2598
_d2598